[Event "Roncana op-C 6th"]
[Site "Santa Eulalia de Roncana"]
[Date "2012.10.27"]
[Round "3.13"]
[White "Guerrero Baez, Indira"]
[Black "Calvo, Garcia Alex"]
[Result "0-1"]
[WhiteElo "1700"]
[BlackElo "1706"]
[PlyCount "78"]
[EventDate "2012.10.06"]
[EventType "swiss"]
[EventRounds "8"]
[EventCountry "ESP"]
[SourceTitle "EXT 2024"]
[Source "ChessBase"]
[SourceDate "2023.10.10"]
[SourceVersion "1"]
[SourceVersionDate "2023.10.10"]
[SourceQuality "1"]

1. e4 c5 2. Bc4 g6 3. Nf3 Bg7 4. Ng5 e6 5. Nxf7 Kxf7 6. 0-0 d6 7. d4 cxd4 8. Qf3+ Nf6 9. Bg5 h6 10. Bxf6 Bxf6 11. Na3 a6 12. h3 Qb6 13. Rab1 Nc6 14. c3 Ne5 15. Qe2 dxc3 16. bxc3 Qa5 17. Rbc1 Qxa3 18. Rcd1 Qa4 19. Rd4 b5 20. Bb3 Qa3 21. Bc2 Qxc3 22. Rdd1 Qb2 23. Rxd6 Nc4 24. Rdd1 Qxa2 25. Qd3 Na3 26. Bb3 Qb2 27. Rfe1 Bb7 28. Rd2 Qc3 29. Ba2 Qxd3 30. Rxd3 Nc2 31. Re2 Rac8 32. Rd7+ Be7 33. Re3 Nxe3 34. fxe3 Bxe4 35. Rd4 Kg7 36. Rxe4 Rhf8 37. Rxe6 Rc7 38. Re4 Bd6 39. Bd5 Rc1# 0-1